| 000 | 00549nam a22001817a 4500 | ||
|---|---|---|---|
| 005 | 20140710110341.0 | ||
| 010 | _aBAC-CH25 | ||
| 020 |
_a9788184083323 _c150.00 |
||
| 037 |
_aDPL _bIndiana/vendor |
||
| 082 | _aS | ||
| 100 | _aBronte, Emily | ||
| 245 |
_aWuthering heights / _cby Emily Bronte; adapted by Linda Louis |
||
| 260 |
_aNew Delhi _bindiana Publishing House _c2013 |
||
| 270 |
_a2/13 Ansari Road Darya Ganj _bNew Delhi _e110 002 |
||
| 300 |
_a240p. _bill. _c22cm.(Hb) |
||
| 490 | _aIndiana illustrated classics | ||
| 942 |
_2ddc _cCH _hS _mBRO |
||
| 999 |
_c86707 _d86707 |
||